Construction detailing for landscape and garden design : (Record no. 608011)
[ view plain ]
| 000 -LEADER | |
|---|---|
| fixed length control field | 01160cam a22003498i 4500 |
| 001 - CONTROL NUMBER | |
| control field | 18782656 |
| 003 - CONTROL NUMBER IDENTIFIER | |
| control field | OSt |
| 005 - DATE AND TIME OF LATEST TRANSACTION | |
| control field | 20240222110503.0 |
| 008 - FIXED-LENGTH DATA ELEMENTS--GENERAL INFORMATION | |
| fixed length control field | 150911s2016 nyu b 001 0 eng |
| 010 ## - LIBRARY OF CONGRESS CONTROL NUMBER | |
| LC control number | 2015035193 |
| 020 ## - INTERNATIONAL STANDARD BOOK NUMBER | |
| International Standard Book Number | 9780415746281 |
| 020 ## - INTERNATIONAL STANDARD BOOK NUMBER | |
| Canceled/invalid ISBN | 9781315681962 (ebook) |
| 035 ## - SYSTEM CONTROL NUMBER | |
| System control number | (DNAL)1329259 |
| 040 ## - CATALOGING SOURCE | |
| Original cataloging agency | DNAL/DLC |
| Language of cataloging | eng |
| Description conventions | rda |
| Transcribing agency | DNAL |
| 042 ## - AUTHENTICATION CODE | |
| Authentication code | pcc |
| 050 00 - LIBRARY OF CONGRESS CALL NUMBER | |
| Classification number | TH380 |
| Item number | .H38 2016 |
| 070 0# - NATIONAL AGRICULTURAL LIBRARY CALL NUMBER | |
| Classification number | TH380 |
| Item number | .H45 2016 |
| 082 00 - DEWEY DECIMAL CLASSIFICATION NUMBER | |
| Classification number | 712 |
| Edition number | 23 |
| Author Mark | HEN |
| 100 1# - MAIN ENTRY--PERSONAL NAME | |
| Personal name | Hensey, Paul, |
| Relator term | author. |
| 9 (RLIN) | 121069 |
| 245 10 - TITLE STATEMENT | |
| Title | Construction detailing for landscape and garden design : |
| Remainder of title | surface, steps and margins / |
| Statement of responsibility, etc. | Paul Hensey. |
| 260 ## - PUBLICATION, DISTRIBUTION, ETC. | |
| Place of publication, distribution, etc. | London: |
| Name of publisher, distributor, etc. | Routledge; |
| Date of publication, distribution, etc. | 2016. |
| 263 ## - PROJECTED PUBLICATION DATE | |
| Projected publication date | 1607 |
| 300 ## - PHYSICAL DESCRIPTION | |
| Extent | 229 p.: |
| 504 ## - BIBLIOGRAPHY, ETC. NOTE | |
| Bibliography, etc. note | Includes bibliographical references and index. |
| 650 #0 - SUBJECT ADDED ENTRY--TOPICAL TERM | |
| Topical term or geographic name entry element | Landscape construction. |
| 9 (RLIN) | 42231 |
| 650 #0 - SUBJECT ADDED ENTRY--TOPICAL TERM | |
| Topical term or geographic name entry element | Landscape design. |
| 9 (RLIN) | 32377 |
| 650 #0 - SUBJECT ADDED ENTRY--TOPICAL TERM | |
| Topical term or geographic name entry element | Gardens |
| General subdivision | Design. |
| 9 (RLIN) | 120940 |
| 906 ## - LOCAL DATA ELEMENT F, LDF (RLIN) | |
| a | 7 |
| b | cbc |
| c | orignew |
| d | 1 |
| e | ecip |
| f | 20 |
| g | y-gencatlg |
| 942 ## - ADDED ENTRY ELEMENTS (KOHA) | |
| Source of classification or shelving scheme | |
| Koha item type | Reference |
| Institution code [OBSOLETE] | SADA |
| Call number prefix | REF 712 HEN 2016 |
| Withdrawn status | Lost status | Source of classification or shelving scheme | Damaged status | Not for loan | Permanent Location | Current Location | Date acquired | Source of acquisition | Full call number | Barcode | Date last seen | Cost, replacement price | Price effective from | Koha item type |
|---|---|---|---|---|---|---|---|---|---|---|---|---|---|---|
| School of Art Design and Architecture (SADA) | School of Art Design and Architecture (SADA) | 03/13/2017 | Donation | 712 HEN 2016 | SADAD0000136 | 02/22/2024 | 4603.15 | 02/22/2024 | Book |
